| 000 | 00486nam a2200169Ia 4500 | ||
|---|---|---|---|
| 008 | 151213s9999 xx 000 0 und d | ||
| 020 | _a0-582-79213-4 | ||
| 100 | _aNotes by Alastair Thomson | ||
| 245 |
_aAlfred Lord Tennyson , Selected Poems _cNotes by Alastair Thomson |
||
| 250 | _a1st | ||
| 260 |
_aLondon _bLongman York Press _c1984 |
||
| 300 | _a4895 p. | ||
| 650 | _aEnglish Literature | ||
| 650 | _aEnglish Literature | ||
| 700 | _aNotes by Alastair Thomson | ||
| 999 |
_c3078 _d3078 |
||